<?xml version="1.0" encoding="UTF-8"?><?xml-stylesheet type="text/xsl" href="static/style.xsl"?><OAI-PMH xmlns="http://www.openarchives.org/OAI/2.0/" xmlns:xsi="http://www.w3.org/2001/XMLSchema-instance" xsi:schemaLocation="http://www.openarchives.org/OAI/2.0/ http://www.openarchives.org/OAI/2.0/OAI-PMH.xsd"><responseDate>2026-04-14T19:29:49Z</responseDate><request verb="GetRecord" identifier="oai:uvadoc.uva.es:10324/31485" metadataPrefix="marc">https://uvadoc.uva.es/oai/request</request><GetRecord><record><header><identifier>oai:uvadoc.uva.es:10324/31485</identifier><datestamp>2021-06-29T22:06:23Z</datestamp><setSpec>com_10324_38</setSpec><setSpec>col_10324_852</setSpec></header><metadata><record xmlns="http://www.loc.gov/MARC21/slim" xmlns:doc="http://www.lyncode.com/xoai" xmlns:xsi="http://www.w3.org/2001/XMLSchema-instance" xmlns:dcterms="http://purl.org/dc/terms/" xsi:schemaLocation="http://www.loc.gov/MARC21/slim http://www.loc.gov/standards/marcxml/schema/MARC21slim.xsd">
<leader>00925njm 22002777a 4500</leader>
<datafield tag="042" ind1=" " ind2=" ">
<subfield code="a">dc</subfield>
</datafield>
<datafield tag="720" ind1=" " ind2=" ">
<subfield code="a">Nieto Herreras, Darío</subfield>
<subfield code="e">author</subfield>
</datafield>
<datafield tag="260" ind1=" " ind2=" ">
<subfield code="c">2018</subfield>
</datafield>
<datafield tag="520" ind1=" " ind2=" ">
<subfield code="a">Recientemente se está teniendo un gran interés en nuevas técnicas&#xd;
electroquímicas para estudiar el comportamiento frente a la corrosión. Entre&#xd;
ellas se encuentra la técnica de Ruido Electroquímico (RE), técnica capaz de&#xd;
ampliar la información obtenida por otros ensayos convencionales. La técnica&#xd;
de ruido electroquímico es una técnica no destructiva, a tiempo real, con&#xd;
extrema sensibilidad, no requiere una perturbación externa para analizar la&#xd;
señal de salida provocada por el proceso de corrosión como sucede en los&#xd;
estudios potencio-cinéticos y potencio-dinámicos y proporciona mayor&#xd;
información donde se encuentran los mecanismos de corrosión que tienen&#xd;
lugar en un material sometido a un ambiente agresivo. Por todo ello se ha&#xd;
utilizado esta técnica para estudiar los fenómenos de corrosión en aceros&#xd;
inoxidables conformados por deformación plástica y aceros inoxidables&#xd;
pulvimetalúrgicos por su gran interés en procesos industriales. Y se pretende&#xd;
conocer los mecanismos de corrosión que sufren estos materiales.</subfield>
</datafield>
<datafield tag="024" ind2=" " ind1="8">
<subfield code="a">http://uvadoc.uva.es/handle/10324/31485</subfield>
</datafield>
<datafield ind1=" " ind2=" " tag="653">
<subfield code="a">Aceros inoxidables - Corrosión</subfield>
</datafield>
<datafield ind1=" " ind2=" " tag="653">
<subfield code="a">Corrosión y anticorrosivos</subfield>
</datafield>
<datafield tag="245" ind1="0" ind2="0">
<subfield code="a">Análisis de los tránsitos de ruido electroquímico para aceros inoxidables en medios con cloruros</subfield>
</datafield>
</record></metadata></record></GetRecord></OAI-PMH>